| 000 | 00790nam0a22002291 4500 | ||
|---|---|---|---|
| 001 | rc\2625200 | ||
| 005 | 20250623143527.0 | ||
| 035 | _a(NLR Aleph) 006788778 | ||
| 090 |
_a6121702 _c6121702 |
||
| 100 | _a20110914d1931 |||y0rusy50 ca | ||
| 101 | 0 | _arus | |
| 102 | _aRU | ||
| 105 | _aa z ||||| | ||
| 200 | 1 |
_aУдобрения в огороде _fП. Ростовцев |
|
| 210 |
_aМосква _aЛенинград _cОгиз - Гос. изд-во с.-х. и колхоз.-кооп. лит-ры _d1931 _eМосква _g18-я тип. УПП Огиза |
||
| 215 |
_a61, [2] с. _cил. _d19х13 см. |
||
| 700 | 1 |
_aРостовцев _bП.В. _gПетр Васильевич |
|
| 801 | 0 |
_aRU _bNLR _gpsbo |
|
| 801 | 1 |
_aRU _bELAR _2rusmarc |
|
| 852 |
_aNLR _j31-8/8384 |
||
| 942 | _cBOOK | ||
| 980 | _aNB | ||